000 00860nam a2200229Ia 4500
001 16840
003 GE_BSU
008 181216s||||||||xx |||||||||||||| ||und||
040 _cGE_BSU
080 _a821.353.1-312.9
100 _aგაგოშიძე, შოთა
245 _aცისფერი მნათობი ამირანი
245 _bსამეცნ. ფანტასტიკური მოთხრობები
245 _cრედ.მ.ერისთავი
260 _aთბილისი
260 _bსაბჭ. საქართველო
260 _c1979
300 _a172გვ. ; 16სმ
653 _aსამეცნ. ფანტასტიკური მოთხრობები.
653 _aცისფერი მნათობი ამირანი
942 _cBK
999 _c49904
_d49904